| 000 | 00407nam a2200109Ia 4500 | ||
|---|---|---|---|
| 008 | 160909s9999 xx 000 0 und d | ||
| 100 | _aDudas, Patrick M. | ||
| 245 | 4 | _aThe impact of visual aesthetics on the utility, affordance, and readability of network graphs | |
| 260 |
_bUniversity of Pittsburgh. _c2016 |
||
| 650 | _aMULTIMEDIA ARTS | ||
| 856 | _uhttp://pqdtopen.proquest.com/doc/1777343127.html?FMT=ABS | ||
| 999 |
_c304363 _d304363 |
||